| 000 -LEADER | |
|---|---|
| fixed length control field | 00551nam a22001817a 4500 |
| 005 - DATE AND TIME OF LATEST TRANSACTION | |
| control field | 20231106153148.0 |
| 008 - FIXED-LENGTH DATA ELEMENTS--GENERAL INFORMATION | |
| fixed length control field | 231106b |||||||| |||| 00| 0 eng d |
| 020 ## - INTERNATIONAL STANDARD BOOK NUMBER | |
| ISBN | 978-81-937669-1-0 |
| 041 ## - LANGUAGE CODE | |
| Language code of text/sound track or separate title | eng |
| 082 ## - DEWEY DECIMAL CLASSIFICATION NUMBER | |
| Classification number | 630 |
| 100 ## - MAIN ENTRY--AUTHOR NAME | |
| Personal name | SUNDA, DR. NEMRAJ |
| 245 ## - TITLE STATEMENT | |
| Title | A COMPETITIVE BOOK OF AGRICULTURE: For AR/SRF/JRF pre PH.D Entrance Examination UPSE, PSCs and Interview of all agriculture service |
| 250 ## - EDITION STATEMENT | |
| Edition statement | 12th. ed. 2 023 |
| 260 ## - PUBLICATION, DISTRIBUTION, ETC. (IMPRINT) | |
| Place of publication | JAIPUR |
| Name of publisher | SURAHEE PUBLICATIONS |
| Year of publication | 2023 |
| 300 ## - PHYSICAL DESCRIPTION | |
| Number of Pages | 449;p |
| 650 ## - SUBJECT ADDED ENTRY--TOPICAL TERM | |
| Topical Term | AGRICULTURE |
| 942 ## - ADDED ENTRY ELEMENTS (KOHA) | |
| Koha item type | Books |
| Lost status | Damaged status | Collection code | Home library | Current library | Shelving location | Date acquired | Source of acquisition | Cost, normal purchase price | Full call number | Accession Number | Koha item type |
|---|---|---|---|---|---|---|---|---|---|---|---|
| AGRICULTURE | JRU Library | JRU Library | SHELF-43-A | 06/11/2023 | PURCHASE [LBI000221/29/10/2023 | 385.00 | 630 | 28118 | Books | ||
| AGRICULTURE | JRU Library | JRU Library | SHELF-43-A | 06/11/2023 | PURCHASE [LBI000221/29/10/2023 | 385.00 | 630 | 28119 | Books | ||
| AGRICULTURE | JRU Library | JRU Library | SHELF-43-A | 06/11/2023 | PURCHASE [LBI000221/29/10/2023 | 385.00 | 630 | 28120 | Books |